Quad Cities International Airport Destinations (Moline, IL, USA) - Statistics

General Stats
  • This quiz has been taken 50 times
    22 since last reset
  • The average score is 7 of 11
Answer Stats
Airline Destination % Correct
American Eagle/United Express Chicago (O'Hare)
100%
American Eagle Dallas/Fort Worth
84%
United Express Denver
84%
Delta Connection Atlanta
79%
American Eagle Charlotte
79%
Allegiant Air Orlando/Sanford
79%
Allegiant Air Las Vegas
58%
Allegiant Air Sarasota
53%
Allegiant Air Phoenix/Mesa
47%
Allegiant Air Punta Gorda (FL)
32%
Allegiant Air St. Petersburgh/Clearwater
26%
No matching quizzes found
Score Distribution
Percent of People with Each Score
Percentile by Number Answered
Your Score History
You have not taken this quiz since the last reset